[Event "EU-ch U12 Girls"]
[White "Schirmbeck, Lilian"]
[Black "Chichinadze, Anastasia"]
[Site "Prague"]
[Round "6"]
[Result "0-1"]
[Date "2024.08.28"]
[WhiteElo "1786"]
[BlackElo "1678"]
[PlyCount "114"]
[EventDate "2024.08.22"]
[EventType "swiss"]
[EventRounds "9"]
[EventCountry "CZE"]
[SourceTitle "CBM 221 Extra"]
[Source "ChessBase"]
[SourceDate "2024.09.30"]
[SourceVersion "1"]
[SourceVersionDate "2024.09.30"]
[SourceQuality "1"]

1. d4 Nf6 2. Nf3 e6 3. g3 b6 4. Bg2 Bb7 5. 0-0 Be7 6. c4 0-0 7. Nc3 d5 8. cxd5 Nxd5 9. Re1 c5 10. e4 cxd4 11. exd5 dxc3 12. dxe6 Qxd1 13. Rxd1 fxe6 14. Ne5 Bxg2 15. Kxg2 Bc5 16. f4 cxb2 17. Bxb2 Be7 18. Rac1 Na6 19. Rd7 Bf6 20. Ba3 Rfd8 21. Rcd1 Rac8 22. Rxd8+ Rxd8 23. Rxd8+ Bxd8 24. Nc6 Bc7 25. Nxa7 Kf7 26. Nb5 Ke8 27. Kf3 Bd8 28. Nd4 Kd7 29. Ke4 Bf6 30. Nf3 Kc6 31. Nd4+ Kd7 32. g4 Nc7 33. g5 Bxd4 34. Kxd4 Nb5+ 35. Kc4 Nxa3+ 36. Kb4 Nb1 37. Kb5 Nc3+ 38. Kxb6 Nxa2 39. Kc5 Nc3 40. Kd4 Nb5+ 41. Ke5 Nd6 42. h4 Nf7+ 43. Ke4 g6 44. Kf3 Kd6 45. Kg4 Kd5 46. h5 Ke4 47. hxg6 hxg6 48. Kg3 Nd6 49. Kg4 Nf5 50. Kh3 Kxf4 51. Kh2 Kf3 52. Kh3 e5 53. Kh2 e4 54. Kh3 e3 55. Kh2 e2 56. Kh3 e1Q 57. Kh2 Qg3+ 0-1

[Event "EU-ch U12 Girls"]
[White "Janouskova, Eliska"]
[Black "Schirmbeck, Lilian"]
[Site "Prague"]
[Round "5"]
[Result "1/2-1/2"]
[Date "2024.08.26"]
[WhiteElo "1672"]
[BlackElo "1786"]
[PlyCount "80"]
[EventDate "2024.08.22"]
[EventType "swiss"]
[EventRounds "9"]
[EventCountry "CZE"]
[SourceTitle "CBM 221 Extra"]
[Source "ChessBase"]
[SourceDate "2024.09.30"]
[SourceVersion "1"]
[SourceVersionDate "2024.09.30"]
[SourceQuality "1"]

1. e4 c5 2. Nf3 Nc6 3. d4 cxd4 4. c3 e5 5. cxd4 exd4 6. Nxd4 Nf6 7. Nc3 Bb4 8. Nxc6 bxc6 9. Bd3 0-0 10. 0-0 Re8 11. Re1 d5 12. exd5 Rxe1+ 13. Qxe1 Nxd5 14. Qe4 f5 15. Qc4 Bxc3 16. bxc3 Qf6 17. Bb2 Rb8 18. Rb1 Rb6 19. Qc5 f4 20. Be4 Qe6 21. Qd4 Nf6 22. Qd8+ Kf7 23. Qc7+ Bd7 24. Bd3 Qxa2 25. Qxf4 Be6 26. Qc1 Qd5 27. Bf1 Qb3 28. Bd3 Qd5 29. Bf1 Qb3 30. Bd3 c5 31. Ba3 Qd5 32. Bf1 Bf5 33. Rxb6 axb6 34. Qf4 Qd7 35. h3 Be6 36. Qb8 Nd5 37. Qg3 Qc7 38. Qf3+ Qf4 39. Qh5+ Kf8 40. Qxh7 Nf6 1/2-1/2

[Event "EU-ch U12 Girls"]
[White "Frenzel, Qorianka"]
[Black "Schirmbeck, Lilian"]
[Site "Prague"]
[Round "1"]
[Result "1/2-1/2"]
[Date "2024.08.22"]
[WhiteElo "1569"]
[BlackElo "1786"]
[PlyCount "111"]
[EventDate "2024.08.22"]
[EventType "swiss"]
[EventRounds "9"]
[EventCountry "CZE"]
[SourceTitle "CBM 221 Extra"]
[Source "ChessBase"]
[SourceDate "2024.09.30"]
[SourceVersion "1"]
[SourceVersionDate "2024.09.30"]
[SourceQuality "1"]

1. e4 c5 2. Nf3 Nc6 3. d4 cxd4 4. Nxd4 Nf6 5. Nc3 e6 6. Be3 Bb4 7. Nxc6 bxc6 8. Bd3 d5 9. Bd2 0-0 10. 0-0 c5 11. f3 dxe4 12. Bxe4 Bxc3 13. Bxc3 Nxe4 14. fxe4 Qh4 15. Qe2 Bb7 16. e5 Bd5 17. a3 Bc4 18. Qf2 Qg5 19. Qf4 Qxf4 20. Rxf4 Bb5 21. Rd1 Rfd8 22. Rd2 Rxd2 23. Bxd2 Rd8 24. Rf2 Rd5 25. h3 Rxe5 26. Bc3 Rd5 27. Rd2 Rxd2 28. Bxd2 Kf8 29. Be3 c4 30. Bxa7 Ke7 31. Bc5+ Kd7 32. Kf2 e5 33. g4 Ke6 34. Ke3 f6 35. b3 g6 36. a4 cxb3 37. cxb3 Bc6 38. a5 Bb5 39. Bf8 f5 40. Bh6 f4+ 41. Kf2 Kd5 42. Bg7 e4 43. Bc3 Kc5 44. Bd2 e3+ 45. Bxe3+ fxe3+ 46. Kxe3 h5 47. Kf4 hxg4 48. hxg4 Bd3 49. Kg5 Kb5 50. b4 Kxb4 51. a6 Bxa6 52. Kxg6 Bd3+ 53. Kf6 Kc5 54. g5 Kd6 55. g6 Bxg6 56. Kxg6 1/2-1/2

[Event "EU-chT U12 Girls"]
[White "Abak, Tuana"]
[Black "Schirmbeck, Lilian"]
[Site "Rhodes"]
[Round "3"]
[Result "1-0"]
[Date "2024.06.23"]
[WhiteElo "1695"]
[BlackElo "1808"]
[PlyCount "115"]
[EventDate "2024.06.21"]
[EventType "team-swiss"]
[EventRounds "7"]
[EventCountry "GRE"]
[SourceTitle "CBM 221 Extra"]
[Source "ChessBase"]
[SourceDate "2024.09.30"]
[SourceVersion "1"]
[SourceVersionDate "2024.09.30"]
[SourceQuality "1"]
[WhiteTeam "Turkey U12 Girls"]
[BlackTeam "Germany 12 Girls"]
[WhiteTeamCountry "TUR"]
[BlackTeamCountry "GER"]

1. e4 c6 2. Nf3 d5 3. Nc3 Bg4 4. d4 dxe4 5. Nxe4 Bxf3 6. gxf3 e6 7. Bf4 Nf6 8. Qd2 Be7 9. Rg1 Nh5 10. c3 Nxf4 11. Qxf4 g6 12. Qh6 Bf8 13. Qf4 Be7 14. h4 Nd7 15. Qh6 Bf8 16. Qf4 Be7 17. Bh3 Nb6 18. Qe5 Rg8 19. Nd2 Qd5 20. Qf4 Nc4 21. Nxc4 Qxc4 22. Bf1 Qd5 23. Bd3 Rd8 24. a3 e5 25. Qg3 exd4 26. 0-0-0 dxc3 27. Bc2 cxb2+ 28. Kb1 Qe6 29. Rxd8+ Bxd8 30. f4 Bc7 31. Qc3 Kf8 32. Rd1 f6 33. Qb4+ Qe7 34. Qc3 Bxf4 35. Bb3 Be5 36. Qa5 b6 37. Qa6 Kg7 38. Bxg8 Kxg8 39. Qc8+ Qf8 40. Rd8 Qxd8 41. Qxd8+ Kg7 42. Qd7+ Kh6 43. Qxa7 Bd4 44. f3 f5 45. Qb7 c5 46. Qxb6 Kh5 47. a4 Kxh4 48. a5 h5 49. a6 Kg3 50. a7 h4 51. a8Q h3 52. Qxg6+ Kf2 53. Qxf5 h2 54. Qh3 Be5 55. f4 Bxf4 56. Qaf3+ Ke1 57. Qhf1+ Kd2 58. Q3d3# 1-0

[Event "EU-chT U12 Girls"]
[White "Jaksa, Ema"]
[Black "Schirmbeck, Lilian"]
[Site "Rhodes"]
[Round "1"]
[Result "0-1"]
[Date "2024.06.21"]
[WhiteElo "1521"]
[BlackElo "1808"]
[PlyCount "62"]
[EventDate "2024.06.21"]
[EventType "team-swiss"]
[EventRounds "7"]
[EventCountry "GRE"]
[SourceTitle "CBM 221 Extra"]
[Source "ChessBase"]
[SourceDate "2024.09.30"]
[SourceVersion "1"]
[SourceVersionDate "2024.09.30"]
[SourceQuality "1"]
[WhiteTeam "Slovenia U12 Girls"]
[BlackTeam "Germany 12 Girls"]
[WhiteTeamCountry "SLO"]
[BlackTeamCountry "GER"]

1. e4 c5 2. Nc3 Nc6 3. g3 g6 4. Bg2 Bg7 5. d3 d6 6. f4 e6 7. Nf3 Nge7 8. 0-0 0-0 9. Be3 Nd4 10. Rb1 Rb8 11. Ne2 Nxf3+ 12. Bxf3 Qa5 13. a3 b5 14. d4 c4 15. Bd2 Qb6 16. Bc3 a5 17. Kh1 b4 18. axb4 axb4 19. Be1 Bb7 20. c3 b3 21. Bf2 Qb5 22. Bg1 f5 23. e5 dxe5 24. fxe5 g5 25. Bg2 Bxg2+ 26. Kxg2 Qc6+ 27. Kf2 f4 28. gxf4 gxf4 29. Ke1 Qe4 30. Kd2 f3 31. Ng3 Bh6+ 0-1

[Event "GER-chT Federal Cup (Women)"]
[White "Peglau, Sarah"]
[Black "Schirmbeck, Lilian"]
[Site "Braunfels"]
[Round "2.8"]
[Result "1-0"]
[Date "2024.05.31"]
[WhiteElo "1851"]
[BlackElo "1650"]
[PlyCount "100"]
[EventDate "2024.05.30"]
[EventType "team-swiss"]
[EventRounds "5"]
[EventCountry "GER"]
[SourceTitle "CBM 220 Extra"]
[Source "ChessBase"]
[SourceDate "2024.07.31"]
[SourceVersion "1"]
[SourceVersionDate "2024.07.31"]
[SourceQuality "1"]
[WhiteTeam "Sachsen (W)"]
[BlackTeam "NRW (W)"]
[WhiteTeamCountry "GER"]
[BlackTeamCountry "GER"]

1. c4 e6 2. g3 d5 3. Bg2 Nf6 4. Nf3 Be7 5. 0-0 0-0 6. b3 c5 7. Bb2 d4 8. e3 Nc6 9. exd4 cxd4 10. Re1 Qb6 11. d3 Bd7 12. Nbd2 Rad8 13. a3 a5 14. Rb1 Bc8 15. Qc2 Nd7 16. Bc1 e5 17. Ne4 f6 18. b4 axb4 19. axb4 Bxb4 20. Bd2 f5 21. Bxb4 Nxb4 22. Qb3 Nxd3 23. Qxd3 fxe4 24. Qxe4 Qf6 25. Re2 b6 26. Nxe5 Nxe5 27. Qxe5 Bf5 28. Qxf6 Rxf6 29. Rbe1 d3 30. Re8+ Rxe8 31. Rxe8+ Kf7 32. Rd8 Ke7 33. Rd4 Rd6 34. Bd5 Rd7 35. g4 Bg6 36. f4 b5 37. f5 Bf7 38. Rxd3 bxc4 39. Re3+ Kd6 40. Bxf7 Rxf7 41. Kg2 Kd5 42. Kf3 Rc7 43. Ke2 Kd4 44. Re8 Kc3 45. Kd1 Ra7 46. g5 Rf7 47. Re5 Kd4 48. Ra5 Ke4 49. Rc5 Rxf5 50. Rxc4+ Ke5 1-0

[Event "Titled Tuesday intern op 28th May Early"]
[White "Caku, Kler"]
[Black "Schirmbeck, Lilian"]
[Site "Chess.com INT"]
[Round "7"]
[Result "0-1"]
[Date "2024.05.28"]
[WhiteElo "1787"]
[BlackElo "1790"]
[PlyCount "48"]
[EventDate "2024.05.28"]
[EventType "swiss (blitz)"]
[EventRounds "11"]
[EventCountry "USA"]
[SourceTitle "EXT 2025"]
[Source "ChessBase"]
[SourceDate "2024.10.14"]
[SourceVersion "1"]
[SourceVersionDate "2024.10.14"]
[SourceQuality "1"]

1. e4 d5 2. exd5 Qxd5 3. Nc3 Qd6 4. d4 Nf6 5. Nf3 a6 6. Be2 e6 7. Be3 b5 8. a3 Bb7 9. 0-0 Be7 10. Ne5 c5 11. Bf3 Nd5 12. Ne4 Qc7 13. Nd3 c4 14. Ndc5 Bc6 15. Qd2 Nd7 16. Nxd7 Qxd7 17. Rad1 0-0 18. Nc5 Qc7 19. c3 Rfd8 20. Qe2 Bxc5 21. dxc5 Nxe3 22. Bxc6 Nxf1 23. Bxa8 Qxh2+ 24. Kxf1 Qh1# 0-1

[Event "Titled Tuesday intern op 28th May Early"]
[White "Jovic, Stanoje"]
[Black "Schirmbeck, Lilian"]
[Site "Chess.com INT"]
[Round "2"]
[Result "1-0"]
[Date "2024.05.28"]
[WhiteElo "2097"]
[BlackElo "1790"]
[PlyCount "81"]
[EventDate "2024.05.28"]
[EventType "swiss (blitz)"]
[EventRounds "11"]
[EventCountry "USA"]
[SourceTitle "EXT 2025"]
[Source "ChessBase"]
[SourceDate "2024.10.14"]
[SourceVersion "1"]
[SourceVersionDate "2024.10.14"]
[SourceQuality "1"]

1. c4 c5 2. g3 g6 3. Bg2 Bg7 4. Nc3 Nc6 5. Nf3 Nf6 6. 0-0 0-0 7. d4 cxd4 8. Nxd4 Nxd4 9. Qxd4 d6 10. Bg5 Rb8 11. Qxa7 Bd7 12. Rfd1 Qc7 13. Rac1 h6 14. Bxf6 Bxf6 15. Nd5 Qc8 16. Nxf6+ exf6 17. Rxd6 Kg7 18. Qd4 Be6 19. Bd5 Bxd5 20. Qxf6+ Kg8 21. Rxd5 b5 22. c5 Rd8 23. Rxd8+ Qxd8 24. Qxd8+ Rxd8 25. c6 Rc8 26. c7 Kf8 27. f4 Ke7 28. Kf2 Kd7 29. e4 Rxc7 30. Rxc7+ Kxc7 31. Ke3 Kd6 32. Kd4 f6 33. a3 h5 34. h4 Kc6 35. b3 Kd6 36. a4 bxa4 37. bxa4 Kc6 38. e5 fxe5+ 39. Kxe5 Kd7 40. Kf6 Kd6 41. a5 1-0

[Event "Titled Tuesday intern op 28th May Early"]
[White "Schirmbeck, Lilian"]
[Black "Kiselev, Pavel"]
[Site "Chess.com INT"]
[Round "5"]
[Result "1/2-1/2"]
[Date "2024.05.28"]
[WhiteElo "1790"]
[BlackElo "2139"]
[PlyCount "59"]
[EventDate "2024.05.28"]
[EventType "swiss (blitz)"]
[EventRounds "11"]
[EventCountry "USA"]
[SourceTitle "EXT 2025"]
[Source "ChessBase"]
[SourceDate "2024.10.14"]
[SourceVersion "1"]
[SourceVersionDate "2024.10.14"]
[SourceQuality "1"]

1. d4 d5 2. Nf3 Nf6 3. g3 c6 4. Bg2 Bg4 5. 0-0 e6 6. Ne5 Bh5 7. c4 Nbd7 8. cxd5 exd5 9. Nxd7 Qxd7 10. Nc3 Bd6 11. Qb3 0-0 12. Bg5 Be7 13. Na4 Rab8 14. Rfe1 h6 15. Bf4 Bd6 16. Nc5 Qc7 17. Bxd6 Qxd6 18. e3 Nd7 19. Nd3 Bg6 20. Nf4 Bh7 21. Rac1 Rfe8 22. Qc3 Nb6 23. Bf1 Be4 24. b4 Na4 25. Qb3 b5 26. Bd3 Bf3 27. Be2 Be4 28. Bd3 Bf3 29. Be2 Be4 30. Bd3 1/2-1/2

[Event "GER-ch U12 Girls"]
[White "Schirmbeck, Lilian"]
[Black "Chen, Yueyi1"]
[Site "Willingen"]
[Round "9"]
[Result "1-0"]
[Date "2024.05.25"]
[WhiteElo "1791"]
[BlackElo "1791"]
[PlyCount "127"]
[EventDate "2024.05.19"]
[EventType "swiss"]
[EventRounds "9"]
[EventCountry "GER"]
[SourceTitle "CBM 220 Extra"]
[Source "ChessBase"]
[SourceDate "2024.07.31"]
[SourceVersion "1"]
[SourceVersionDate "2024.07.31"]
[SourceQuality "1"]

1. d4 d5 2. Nf3 Nf6 3. g3 Bf5 4. Bg2 h6 5. 0-0 e6 6. c4 c6 7. Nc3 Nbd7 8. Qb3 Qb6 9. c5 Qxb3 10. axb3 e5 11. b4 e4 12. Ne1 g5 13. b5 Bg7 14. Nc2 0-0 15. e3 Bg6 16. b4 Nh7 17. Bd2 a6 18. bxc6 bxc6 19. Ra5 f5 20. Rfa1 f4 21. Rxa6 Rxa6 22. Rxa6 Nb8 23. Rb6 Nf6 24. gxf4 gxf4 25. Be1 f3 26. Bh3 Kh7 27. b5 Nfd7 28. Bxd7 Nxd7 29. Rxc6 Bf5 30. Nxd5 Bf6 31. Ra6 Rg8+ 32. Kh1 Bg5 33. Nf4 Nf6 34. Ra7+ Kh8 35. h4 Bxf4 36. exf4 Nd5 37. Bd2 Rg2 38. Be1 e3 39. Nxe3 Nxe3 40. fxe3 Be4 41. Re7 Re2 42. Bf2 Bf5 43. Kg1 Rd2 44. b6 Bh3 45. b7 Rb2 46. Re8+ Kg7 47. b8Q Rxb8 48. Rxb8 Kg6 49. c6 Kf6 50. c7 Kg6 51. c8Q Bxc8 52. Rxc8 Kf5 53. Kh2 Kg4 54. d5 Kf5 55. d6 Ke6 56. Rc6 Kd7 57. Ra6 h5 58. f5 Ke8 59. f6 Kf8 60. d7 Kf7 61. d8Q Kg6 62. Qe7 Kf5 63. Ra5+ Kg4 64. Qe4# 1-0

[Event "GER-ch U12 Girls"]
[White "Schirmbeck, Lilian"]
[Black "Winkler, Frida"]
[Site "Willingen"]
[Round "6"]
[Result "1-0"]
[Date "2024.05.22"]
[WhiteElo "1791"]
[BlackElo "1581"]
[PlyCount "41"]
[EventDate "2024.05.19"]
[EventType "swiss"]
[EventRounds "9"]
[EventCountry "GER"]
[SourceTitle "CBM 220 Extra"]
[Source "ChessBase"]
[SourceDate "2024.07.31"]
[SourceVersion "1"]
[SourceVersionDate "2024.07.31"]
[SourceQuality "1"]

1. d4 Nf6 2. Nf3 d5 3. g3 g6 4. Bg2 Bg7 5. 0-0 0-0 6. c4 e6 7. Nc3 Nc6 8. Bf4 Nh5 9. Bg5 Qd7 10. Qd2 dxc4 11. Rfd1 f6 12. Be3 f5 13. Ng5 Rd8 14. d5 Bxc3 15. Qxc3 Ne7 16. dxe6 Qe8 17. Rxd8 Qxd8 18. Nf7 Kf8 19. Nxd8 Ng8 20. Bc5+ Ke8 21. Qh8 1-0

[Event "Titled Tuesday intern op 07th May Early"]
[White "Harish, Neeraj"]
[Black "Schirmbeck, Lilian"]
[Site "Chess.com INT"]
[Round "7"]
[Result "1-0"]
[Date "2024.05.07"]
[WhiteElo "2212"]
[BlackElo "1791"]
[PlyCount "47"]
[EventDate "2024.05.07"]
[EventType "swiss (blitz)"]
[EventRounds "11"]
[EventCountry "USA"]
[SourceTitle "EXT 2025"]
[Source "ChessBase"]
[SourceDate "2024.10.14"]
[SourceVersion "1"]
[SourceVersionDate "2024.10.14"]
[SourceQuality "1"]

1. e4 c6 2. d4 d5 3. e5 Bf5 4. h4 h5 5. Bd3 Bxd3 6. Qxd3 e6 7. Bg5 Be7 8. Nf3 Nh6 9. Nbd2 Ng4 10. c4 dxc4 11. Nxc4 c5 12. Nd6+ Kf8 13. Bxe7+ Qxe7 14. Ng5 Nh6 15. d5 exd5 16. Qxd5 Nc6 17. 0-0-0 Qxe5 18. Qd2 Rd8 19. Rhe1 Qxd6 20. Qxd6+ Rxd6 21. Rxd6 Nf5 22. Rd7 f6 23. Rf7+ Kg8 24. Re8# 1-0

[Event "Titled Tuesday intern op 07th May Early"]
[White "Ivanov, Aleksandr Y"]
[Black "Schirmbeck, Lilian"]
[Site "Chess.com INT"]
[Round "11"]
[Result "1-0"]
[Date "2024.05.07"]
[WhiteElo "2068"]
[BlackElo "1791"]
[PlyCount "67"]
[EventDate "2024.05.07"]
[EventType "swiss (blitz)"]
[EventRounds "11"]
[EventCountry "USA"]
[SourceTitle "EXT 2025"]
[Source "ChessBase"]
[SourceDate "2024.10.14"]
[SourceVersion "1"]
[SourceVersionDate "2024.10.14"]
[SourceQuality "1"]

1. d4 d5 2. c4 e6 3. Nc3 Nf6 4. cxd5 exd5 5. Bg5 c6 6. e3 h6 7. Bh4 Bd6 8. Bd3 0-0 9. Qc2 Nbd7 10. Nge2 Qc7 11. h3 b6 12. Rc1 Bb7 13. Nb5 Qb8 14. Nxd6 Qxd6 15. Bg3 Qb4+ 16. Qd2 Qxd2+ 17. Kxd2 c5 18. dxc5 bxc5 19. Bd6 Rfe8 20. Bxc5 Ne4+ 21. Bxe4 dxe4 22. Nd4 Nxc5 23. Rxc5 Rab8 24. Rhc1 Ba8 25. b3 Red8 26. Rc7 Bb7 27. Re7 Bd5 28. Rcc7 a6 29. Kc3 Rd6 30. Ra7 Rc8+ 31. Rec7 Rxc7+ 32. Rxc7 f6 33. a4 Kf8 34. b4 1-0

[Event "Titled Tuesday intern op 07th May Early"]
[White "Schirmbeck, Lilian"]
[Black "Kharmunova, Nadezhda"]
[Site "Chess.com INT"]
[Round "5"]
[Result "0-1"]
[Date "2024.05.07"]
[WhiteElo "1791"]
[BlackElo "2023"]
[PlyCount "88"]
[EventDate "2024.05.07"]
[EventType "swiss (blitz)"]
[EventRounds "11"]
[EventCountry "USA"]
[SourceTitle "EXT 2025"]
[Source "ChessBase"]
[SourceDate "2024.10.14"]
[SourceVersion "1"]
[SourceVersionDate "2024.10.14"]
[SourceQuality "1"]

1. c4 e5 2. Nc3 Nc6 3. g3 Nf6 4. Bg2 Bb4 5. d3 0-0 6. Nf3 d6 7. 0-0 Be6 8. Bd2 h6 9. a3 Bxc3 10. Bxc3 e4 11. Nd4 Nxd4 12. Bxd4 exd3 13. Qxd3 c6 14. Qc3 Qe7 15. Rfd1 Rfe8 16. Bxf6 Qxf6 17. Qxf6 gxf6 18. Rxd6 Bxc4 19. e3 Be6 20. Rad1 Kf8 21. b4 Ke7 22. b5 cxb5 23. Bxb7 Rad8 24. Rxd8 Rxd8 25. Rxd8 Kxd8 26. Bc6 Bc4 27. Kg2 Kc7 28. Be4 Bb3 29. Bd3 Kb6 30. Kf1 Ka5 31. Ke2 Ka4 32. Kd2 a6 33. Bc2 Bxc2 34. Kxc2 Kxa3 35. Kb1 b4 36. f4 b3 37. e4 b2 38. g4 Kb3 39. e5 a5 40. e6 fxe6 41. g5 hxg5 42. f5 a4 43. fxe6 a3 44. e7 a2# 0-1

[Event "Titled Tuesday intern op 07th May Early"]
[White "Schirmbeck, Lilian"]
[Black "Mirza, Diana"]
[Site "Chess.com INT"]
[Round "10"]
[Result "0-1"]
[Date "2024.05.07"]
[WhiteElo "1791"]
[BlackElo "1981"]
[PlyCount "60"]
[EventDate "2024.05.07"]
[EventType "swiss (blitz)"]
[EventRounds "11"]
[EventCountry "USA"]
[SourceTitle "EXT 2025"]
[Source "ChessBase"]
[SourceDate "2024.10.14"]
[SourceVersion "1"]
[SourceVersionDate "2024.10.14"]
[SourceQuality "1"]

1. c4 c5 2. Nf3 Nc6 3. g3 g6 4. Bg2 Bg7 5. 0-0 e6 6. Nc3 Nge7 7. d3 0-0 8. e4 d5 9. exd5 exd5 10. cxd5 Nxd5 11. d4 Nxc3 12. bxc3 cxd4 13. cxd4 Bg4 14. Be3 Bxf3 15. Bxf3 Nxd4 16. Bxd4 Qxd4 17. Qxd4 Bxd4 18. Rad1 Rfd8 19. Bxb7 Rab8 20. Bc6 Rb2 21. a4 Bxf2+ 22. Kh1 Rxd1 23. Rxd1 Bb6 24. Bb5 Rb4 25. Rd2 Kg7 26. Kg2 Kf6 27. Re2 h5 28. Kf3 g5 29. Kg2 Bc5 30. Re4 Rxe4 0-1

[Event "Titled Tuesday intern op 07th May Early"]
[White "Schirmbeck, Lilian"]
[Black "Montano Vicente, Guadalupe"]
[Site "Chess.com INT"]
[Round "4"]
[Result "1/2-1/2"]
[Date "2024.05.07"]
[WhiteElo "1791"]
[BlackElo "1786"]
[PlyCount "84"]
[EventDate "2024.05.07"]
[EventType "swiss (blitz)"]
[EventRounds "11"]
[EventCountry "USA"]
[SourceTitle "EXT 2025"]
[Source "ChessBase"]
[SourceDate "2024.10.14"]
[SourceVersion "1"]
[SourceVersionDate "2024.10.14"]
[SourceQuality "1"]

1. e3 Nf6 2. Nf3 g6 3. c4 Bg7 4. Nc3 0-0 5. d4 c6 6. Bd3 d5 7. cxd5 cxd5 8. 0-0 Nc6 9. Qe2 Bg4 10. h3 Bxf3 11. Qxf3 e5 12. dxe5 Nxe5 13. Qe2 Re8 14. b3 Nxd3 15. Qxd3 Ne4 16. Bb2 Rc8 17. Rac1 Nxc3 18. Bxc3 Bxc3 19. Rxc3 Qa5 20. Rxc8 Rxc8 21. Rd1 Qxa2 22. Qxd5 Qc2 23. h4 Qc6 24. Qd4 a6 25. b4 Qe6 26. h5 gxh5 27. Qd7 Qxd7 28. Rxd7 Rc1+ 29. Kh2 b5 30. Ra7 Rb1 31. Rxa6 Rxb4 32. Rb6 Rb2 33. Kg3 Kg7 34. Kf3 b4 35. e4 b3 36. Ke3 Rb1 37. Rb5 b2 38. Ke2 h6 39. g3 Kf6 40. f4 Kg6 41. Kf2 f6 42. Ke2 Kf7 1/2-1/2

[Event "Titled Tuesday intern op 07th May Early"]
[White "Schirmbeck, Lilian"]
[Black "Zaim, Marian"]
[Site "Chess.com INT"]
[Round "8"]
[Result "0-1"]
[Date "2024.05.07"]
[WhiteElo "1791"]
[BlackElo "1963"]
[PlyCount "126"]
[EventDate "2024.05.07"]
[EventType "swiss (blitz)"]
[EventRounds "11"]
[EventCountry "USA"]
[SourceTitle "EXT 2025"]
[Source "ChessBase"]
[SourceDate "2024.10.14"]
[SourceVersion "1"]
[SourceVersionDate "2024.10.14"]
[SourceQuality "1"]

1. c4 c5 2. Nf3 b6 3. g3 Bb7 4. Bg2 Nf6 5. Nc3 e6 6. 0-0 Be7 7. d3 0-0 8. e4 d5 9. exd5 exd5 10. cxd5 Nxd5 11. d4 Nxc3 12. bxc3 Nd7 13. Be3 Bf6 14. dxc5 Bxc3 15. Rc1 Bb2 16. Rc2 Ba3 17. c6 Ba6 18. cxd7 Bxf1 19. Qxf1 Qxd7 20. Nd4 Rac8 21. Rxc8 Rxc8 22. Bh3 Qd8 23. Bxc8 Qxc8 24. Qd3 h6 25. Qxa3 a6 26. Qb2 b5 27. Nf3 Qc6 28. Nh4 Qe6 29. Nf3 Qc6 30. Nd4 Qd5 31. Qa3 Qb7 32. Qd6 b4 33. Qd8+ Kh7 34. Qd6 a5 35. Qc5 Qa6 36. Nc6 Qe2 37. Nxa5 Qe1+ 38. Kg2 b3 39. axb3 Qb1 40. Qf5+ Qxf5 41. Nc4 Qe4+ 42. Kh3 Qe6+ 43. Kg2 Qc6+ 44. Kg1 Qb5 45. Nd2 Qd3 46. Kg2 f5 47. Kg1 g5 48. Kg2 Kg6 49. Kg1 Kh5 50. Kg2 Kg4 51. h3+ Kh5 52. Kg1 Kg6 53. Kg2 Kf6 54. Kg1 Ke6 55. Kg2 Kd5 56. Kg1 Qc2 57. Kg2 Qc7 58. Kg1 f4 59. gxf4 gxf4 60. Nc4 fxe3 61. Nxe3+ Ke4 62. Kg2 Qb7 63. Kg3 Kd3 0-1

[Event "Titled Tuesday intern op 23rd Apr Early"]
[White "Schirmbeck, Lilian"]
[Black "Fabris, Alberto"]
[Site "Chess.com INT"]
[Round "6"]
[Result "0-1"]
[Date "2024.04.23"]
[WhiteElo "1790"]
[BlackElo "2230"]
[PlyCount "60"]
[EventDate "2024.04.23"]
[EventType "swiss (blitz)"]
[EventRounds "11"]
[EventCountry "USA"]
[SourceTitle "EXT 2025"]
[Source "ChessBase"]
[SourceDate "2024.10.14"]
[SourceVersion "1"]
[SourceVersionDate "2024.10.14"]
[SourceQuality "1"]

1. e4 c5 2. Be2 Nc6 3. d3 g6 4. f4 Bg7 5. Nf3 d6 6. c3 Nf6 7. 0-0 0-0 8. Kh1 Rb8 9. Be3 b5 10. a3 a5 11. Nbd2 Qc7 12. g3 b4 13. axb4 axb4 14. d4 Ng4 15. Bg1 cxd4 16. cxd4 Qb7 17. d5 Nd8 18. Qb3 Qd7 19. Ra7 Rb7 20. Rfa1 e6 21. Rxb7 Nxb7 22. Qxb4 exd5 23. exd5 Re8 24. Bb5 Qd8 25. Bxe8 Qxe8 26. Re1 Qd8 27. Ne4 Bf5 28. Qxb7 Qa5 29. b4 Qa2 30. Qc8+ Bxc8 0-1

[Event "Titled Tuesday intern op 16th Apr Early"]
[White "Gajic, Mladen"]
[Black "Schirmbeck, Lilian"]
[Site "Chess.com INT"]
[Round "4"]
[Result "1-0"]
[Date "2024.04.16"]
[WhiteElo "2294"]
[BlackElo "1790"]
[PlyCount "61"]
[EventDate "2024.04.16"]
[EventType "swiss (blitz)"]
[EventRounds "11"]
[EventCountry "USA"]
[SourceTitle "CBM 219 Extra"]
[Source "ChessBase"]
[SourceDate "2024.05.31"]
[SourceVersion "1"]
[SourceVersionDate "2024.05.31"]
[SourceQuality "1"]

1. d4 d5 2. Nf3 Nf6 3. Nbd2 g6 4. e3 Bg7 5. Be2 0-0 6. b4 c6 7. c4 Bf5 8. 0-0 Qb6 9. a3 Nbd7 10. Bb2 a5 11. c5 Qc7 12. b5 Ne4 13. b6 Qb8 14. a4 e5 15. Nb3 exd4 16. Bxd4 Bxd4 17. Qxd4 Qe8 18. Rfc1 Qe7 19. h3 Ndf6 20. Ne1 Bd7 21. Nd3 Rfe8 22. Re1 Be6 23. Kh2 Nd7 24. f3 Nef6 25. Nf4 Rad8 26. Bd3 Nb8 27. Nxa5 Na6 28. Bxa6 bxa6 29. Nxc6 Qd7 30. Nxd8 Rxd8 31. Qxf6 1-0

[Event "Titled Tuesday intern op 16th Apr Early"]
[White "Schirmbeck, Lilian"]
[Black "Enkhrii, Enkh Amgalan"]
[Site "Chess.com INT"]
[Round "10"]
[Result "0-1"]
[Date "2024.04.16"]
[WhiteElo "1790"]
[BlackElo "1942"]
[PlyCount "74"]
[EventDate "2024.04.16"]
[EventType "swiss (blitz)"]
[EventRounds "11"]
[EventCountry "USA"]
[SourceTitle "CBM 219 Extra"]
[Source "ChessBase"]
[SourceDate "2024.05.31"]
[SourceVersion "1"]
[SourceVersionDate "2024.05.31"]
[SourceQuality "1"]

1. g3 Nf6 2. Bg2 g6 3. d4 Bg7 4. c4 c6 5. Nc3 d5 6. cxd5 cxd5 7. Nf3 Nc6 8. 0-0 Ne4 9. Bf4 Nxc3 10. bxc3 0-0 11. Qc2 Bf5 12. Qb2 Na5 13. Nh4 Bc8 14. Qb5 e6 15. e4 a6 16. Qa4 b5 17. Qb4 Bb7 18. exd5 Bxd5 19. Bd6 Re8 20. Bxd5 exd5 21. a4 Nb7 22. Bc5 Nxc5 23. dxc5 bxa4 24. Rxa4 Qc7 25. Nf3 Re4 26. Nd4 Bf8 27. Qb6 Qxc5 28. Rxa6 Rxa6 29. Qxa6 Qxc3 30. Nb5 Qc4 31. Qb7 Re7 32. Qb6 Re6 33. Qb7 d4 34. Rb1 d3 35. Qd7 Qc2 36. Na3 Qc3 37. Qa4 Qxa3 0-1